000 00699nam a2200217Ii 4500
001 6883
003 CO-ViMGA
008 241108s9999||||xx |||||||||||||| ||und||
020 _a9586121593
040 _aCO-ViMGA
_bspa
_erda
_cCO-ViMGA
041 0 _aunk
082 0 4 _aC864.44-P12i
100 1 _aHilda Soledad Pachón Farias
_947894
245 1 0 _aLos intelectuales colombianos en los años veinte :
_bel caso de José Eustasio Rivera
264 1 _a[Lugar de publicación no identificado] : Colcultura, 1993
300 _avolumen
336 _atext
_btxt
_2rdacontent
337 _aunmediated
_bn
_2rdamedia
338 _avolume
_bnc
_2rdacarrier
940 _aidficha_siabuc: 6726. -- ficha_no_siabuc:6883
999 _c52411
_d52411